Stati per età minima al primo matrimonio - America - Statistics

Statistiche generali
  • Questo quiz è stato fatto 3 volte
  • Il punteggio medio è 7 su 10
Statistiche sulle risposte
Età media al primo matrimonio (anni) Nazione % Corretto
23,4 Ecuador
100%
22,7 Honduras
100%
24,4 Venezuela
100%
23,4 Cuba
67%
24 El Salvador
67%
22,5 Guatemala
67%
23,5 Guyana
67%
22,5 Nicaragua
67%
23,5 Panama
67%
24,5 Saint Vincent e Grenadine
33%
Nessun quiz corrispondente trovato
Distribuzione punteggi
Percentuale di utenti per punteggio
Percentile per numero di risposta
I tuoi punteggi nel tempo
Non hai fatto questo quiz